Представление документа в формате MARC21

Поле Инд. ПП Название Значение
Тип записи a
Библиографический уровень b
001 Контрольный номер RU/IS/BASE/140796894
005 Дата корректировки 20230523123818.5
084 a Индекс другой классификации/Индекс ББК 60.524.228; 60.028.13
100 1_ a Автор Запрудский Ю. Г.
245 10 a Заглавие Культура конфликта
b Продолж. заглавия (к особенностям российской конфликтности)
336 a Термин вида содержания Текст
337 a Термин типа средства непосредственный + электронный
504 a Библиография Библиогр. ссылки
650 04 a Основная рубрика социальная философия
a Основная рубрика социология
a Основная рубрика философия
653 0_ a Ключевые слова конфликтность
a Ключевые слова конфликтология
a Ключевые слова конфликты
a Ключевые слова менталитет
a Ключевые слова национальное самосознание
a Ключевые слова национальные особенности
a Ключевые слова национальный характер
a Ключевые слова поведение
a Ключевые слова политическая социология
a Ключевые слова русские
a Ключевые слова сравнительно-исторический метод
773 18 t Заглавие источника Вестник Московского университета. Серия 18, Социология и политология
d Дата издания источника 2002
g Прочая информация № 4. - С. 74 - 86
w Контрольный № источника RU/IS/BASE/148578004
856 40 a Имя сервера/домена Библиотечная система Университета "Дубна"
d Путь http://lib.uni-dubna.ru/MegaPRO/Web
i Указания/сценарий входа Доступ по номеру читательского билета и фамилии читателя
u URL https://lib.uni-dubna.ru/MegaPRO/UserEntry?Action=FindDocs&ids=68659&idb=ec_110
y Справочный текст Электронная версия
900 a Имя электронного ресурса Kultura_konflikta
x Справочная информация Полный текст
901 t Тип документа b